Strategies for development for krek rubber plantation company ទិសដៅអភិវឌ្ឍន៍របស់ក្រុមហ៊ុនចំការកៅស៊ូក្រែក (Record no. 342)

000 -LEADER
fixed length control field 00545nam a22001577a 4500
003 - CONTROL NUMBER IDENTIFIER
control field OSt
005 - DATE AND TIME OF LATEST TRANSACTION
control field 20150913091634.0
008 - FIXED-LENGTH DATA ELEMENTS--GENERAL INFORMATION
fixed length control field 150913b xxu||||| |||| 00| 0 eng d
040 ## - CATALOGING SOURCE
Transcribing agency RUA
082 ## - DEWEY DECIMAL CLASSIFICATION NUMBER
Classification number AGR KEA 1997 B019 Or.1
100 ## - MAIN ENTRY--PERSONAL NAME
9 (RLIN) 361
Personal name KEAM, SOLIDA
245 ## - TITLE STATEMENT
Title Strategies for development for krek rubber plantation company ទិសដៅអភិវឌ្ឍន៍របស់ក្រុមហ៊ុនចំការកៅស៊ូក្រែក
260 ## - PUBLICATION, DISTRIBUTION, ETC. (IMPRINT)
Place of publication, distribution, etc. Phnom Penh
Name of publisher, distributor, etc. RUA
Date of publication, distribution, etc. 1997
300 ## - PHYSICAL DESCRIPTION
Extent 84p.
Other physical details ill.
Dimensions 29cm.
942 ## - ADDED ENTRY ELEMENTS (KOHA)
Source of classification or shelving scheme
Koha item type AGR
Holdings
Price effective from Date last seen Permanent Location Not for loan Date acquired Source of classification or shelving scheme Koha item type Barcode Lost status Damaged status Shelving location Withdrawn status Current Location Full call number
2015-09-132015-09-13Library Block B 2015-09-13 AGRRUA006579  B019 Library Block BAGR KEA 1997 B019 Or.1
2015-09-132015-09-13Library Block B 2015-09-13 AGRRUA008171  B019 Library Block BAGR KEA 1997 B019 Or.2
2015-09-132015-09-13Library Block B 2015-09-13 AGRRUA003650  B019 Library Block BAGR KEA 1997 B019 Or.3
2015-09-132015-09-13Library Block B 2015-09-13 AGRRUA003795  B019 Library Block BAGR KEA 1997 B019 Or.4
2015-09-132015-09-13Library Block B 2015-09-13 AGRRUA003723  B019 Library Block BAGR KEA 1997 B019 Or.5
2015-09-132015-09-13Library Block B 2015-09-13 AGRRUA008244  B019 Library Block BAGR KEA 1997 B019 Or.6
2015-09-132015-09-13Library Block B 2015-09-13 AGRRUA003724  B019 Library Block BAGR KEA 1997 B019 Or.7
2015-09-132015-09-13Library Block B 2015-09-13 AGRRUA003580  B019 Library Block BAGR KEA 1997 B019 Or.8
2015-09-132015-09-13Library Block B 2015-09-13 AGRRUA008316  B019 Library Block BAGR KEA 1997 B019 Or.9
មជ្ឈមណ្ឌលឯការនៃសាកលវិទ្យាល័យភូមិន្ទកសិកម្មចំការដូង

Powered by Koha